Central Library OPAC University of Rajshahi

Proceedings of the Symposium on active networks and feadback systems / (Record no. 72806)

MARC details
000 -LEADER
fixed length control field 00840nam a2200241 a 4500
001 - CONTROL NUMBER
control field 72806
003 - CONTROL NUMBER IDENTIFIER
rucl marc code BD-RjUL
005 - DATE AND TIME OF LATEST TRANSACTION
control field 20211209082318.0
008 - FIXED-LENGTH DATA ELEMENTS--GENERAL INFORMATION
fixed length control field 170523s1961 nyua b 100 0 engm
035 ## - SYSTEM CONTROL NUMBER
System control number (BD-RjUL)73024
040 ## - CATALOGING SOURCE
Original cataloging agency DLC
Transcribing agency DLC
Modifying agency m.c.
-- MYG
-- BD-RjUL
Language of cataloging eng
041 ## - LANGUAGE CODE
Language code of text/sound track or separate title eng
082 ## - DEWEY DECIMAL CLASSIFICATION NUMBER
Edition number 23
Classification number 537.5
Author mark and year PRO 1961
245 10 - TITLE STATEMENT
Title Proceedings of the Symposium on active networks and feadback systems /
Statement of responsibility, etc. Jerome Fox
260 ## - PUBLICATION, DISTRIBUTION, ETC. (IMPRINT)
Place of publication, distribution, etc. Brooklyn :
Name of publisher, distributor, etc. Polytechnic Press; distributors: Interscience Publishers, New York
Date of publication, distribution, etc. 1961
300 ## - PHYSICAL DESCRIPTION
Pagination xxiv, 658 p. :
Illustrations ill. ;
Size 23 cm.
490 1# - SERIES STATEMENT
Series statement Microwave Research Institute symposia series ;
Volume/sequential designation 10
504 ## - BIBLIOGRAPHY, ETC. NOTE
Bibliography, etc Includes bibliographies.
650 #0 - SUBJECT ADDED ENTRY--TOPICAL TERM
Topical term or geographic name as entry element Electronics
9 (RLIN) 215343
700 1# - ADDED ENTRY--PERSONAL NAME
Personal name Fox, Jerome.
830 #0 - SERIES ADDED ENTRY--UNIFORM TITLE
Uniform title Microwave Research Institute symposia series ;
Volume number/sequential designation 10.
942 ## - ADDED ENTRY ELEMENTS (KOHA)
Source of classification or shelving scheme Dewey Decimal Classification
Koha item type Books
Holdings
Lost status Source of classification or shelving scheme Damaged status Not for loan Collection code Permanent Location Current Location Shelving location Date acquired Source of acquisition Cost, normal purchase price Total Checkouts Full call number Date last seen Copy number Koha item type
  Dewey Decimal Classification   Not For Loan Non-fiction Central Library, University of Rajshahi Central Library, University of Rajshahi Reading Room 21/12/1963 Zeithinger 0.00   537.5 PRO 1961 23/05/2017 C-1 Books